000 00300nam a22001217a 4500
003 OSt
005 20250728114533.0
008 250728b |||||||| |||| 00| 0 eng d
040 _cDLC
082 _a362.196
245 _aUnderstanding Religious Involvement in the Ugandan AIDS Response
942 _2ddc
_cBK
999 _c4130
_d4130